<?xml version="1.0" encoding="UTF-8"?>
<record
    xmlns:xsi="http://www.w3.org/2001/XMLSchema-instance"
    xsi:schemaLocation="http://www.loc.gov/MARC21/slim http://www.loc.gov/standards/marcxml/schema/MARC21slim.xsd"
    xmlns="http://www.loc.gov/MARC21/slim">

  <leader>01234nam a2200229 i 4500</leader>
  <controlfield tag="001">120252</controlfield>
  <controlfield tag="003">ES-MaACL</controlfield>
  <controlfield tag="005">20250730155722.0</controlfield>
  <controlfield tag="007">t|</controlfield>
  <controlfield tag="008">070214m19421968sp      r    ||||1| spa d</controlfield>
  <datafield tag="245" ind1="0" ind2="0">
    <subfield code="a">Historia de Espa&#xF1;a </subfield>
    <subfield code="b">: gran historia general de los pueblos hispanos / </subfield>
    <subfield code="c">director Luis Pericot.</subfield>
  </datafield>
  <datafield tag="260" ind1=" " ind2=" ">
    <subfield code="a">Barcelona : </subfield>
    <subfield code="b">Instituto Gallach, </subfield>
    <subfield code="c">1942-68.</subfield>
  </datafield>
  <datafield tag="300" ind1=" " ind2=" ">
    <subfield code="a">6 v. : </subfield>
    <subfield code="b">il. ; </subfield>
    <subfield code="c">31 cm.</subfield>
  </datafield>
  <datafield tag="505" ind1="8" ind2=" ">
    <subfield code="a">Contiene: Tomo I. Epocas primitiva y romana por Luis Pericot. Tomo II. La Alta Edad Media ( siglos V al XIII) por Juli&#xE1;n Mar&#xED;a Rubio. Tomo III. La Baja Edad Media y la unidad nacional por Juli&#xE1;n Mar&#xED;a Rubio. Tomo IV. La casa de Austria (siglos XVI y XVII) por Luis Ulloa Cisneros. Tomo V. La casa Borb&#xF3;n (siglos XVIII al XX) por Luis Ulloa Cisneros . Tomo VI. Epoca contempor&#xE1;nea ( la segunda rep&#xFA;blica, la guerra civil, la Espa&#xF1;a actual) por Carlos Seco Serrano.</subfield>
  </datafield>
  <datafield tag="651" ind1=" " ind2="4">
    <subfield code="a">Espa&#xF1;a-</subfield>
    <subfield code="x">Historia.</subfield>
    <subfield code="9">8209</subfield>
  </datafield>
  <datafield tag="700" ind1="1" ind2=" ">
    <subfield code="a">Rubio Esteban, Juli&#xE1;n Mar&#xED;a.</subfield>
    <subfield code="9">100404</subfield>
  </datafield>
  <datafield tag="700" ind1="1" ind2=" ">
    <subfield code="a">Ulloa Cisneros, Luis.</subfield>
    <subfield code="9">111945</subfield>
  </datafield>
  <datafield tag="700" ind1="1" ind2=" ">
    <subfield code="a">Seco Serrano, Carlos,</subfield>
    <subfield code="d">1923-2020</subfield>
    <subfield code="9">105054</subfield>
  </datafield>
  <datafield tag="700" ind1="1" ind2=" ">
    <subfield code="a">Pericot, Luis,</subfield>
    <subfield code="d">1899-1978</subfield>
    <subfield code="9">91262</subfield>
  </datafield>
  <datafield tag="852" ind1=" " ind2=" ">
    <subfield code="a">ES-MaACL</subfield>
    <subfield code="j">B-433-37-Bis </subfield>
    <subfield code="b">R.22957</subfield>
  </datafield>
  <datafield tag="999" ind1=" " ind2=" ">
    <subfield code="c">120252</subfield>
    <subfield code="d">120252</subfield>
  </datafield>
  <datafield tag="952" ind1=" " ind2=" ">
    <subfield code="0">0</subfield>
    <subfield code="1">0</subfield>
    <subfield code="4">0</subfield>
    <subfield code="7">0</subfield>
    <subfield code="a">ATENEOM</subfield>
    <subfield code="b">ATENEOM</subfield>
    <subfield code="c">SPB</subfield>
    <subfield code="d">2008-01-17</subfield>
    <subfield code="e">SC</subfield>
    <subfield code="l">0</subfield>
    <subfield code="o">B-433-37-Bis</subfield>
    <subfield code="p">1125341</subfield>
    <subfield code="r">2023-02-23 00:00:00</subfield>
    <subfield code="w">2023-02-23</subfield>
    <subfield code="y">MONOGRAFIA</subfield>
  </datafield>
</record>
